30 largest cities in New England - Statistics

General Stats
  • This quiz has been taken 1,507 times
  • The average score is 16 of 30
Answer Stats
State/Population Answer % Correct
MA/617,594 Boston
99%
RI/178,042 Providence
94%
CT/124,558 Hartford
92%
CT/129,779 New Haven
83%
NH/109,565 Manchester
79%
MA/153,060 Springfield
79%
MA/181,045 Worcester
78%
ME/66,194 Portland
75%
CT/144,229 Bridgeport
72%
MA/105,162 Cambridge
65%
MA/106,519 Lowell
60%
CT/122,643 Stamford
60%
NH/86,494 Nashua
57%
MA/95,072 New Bedford
48%
MA/92,271 Quincy
46%
MA/88,857 Fall River
44%
CT/110,366 Waterbury
44%
RI/82,672 Warwick
43%
RI/71,148 Pawtucket
40%
MA/93,810 Brockton
39%
CT/80,893 Danbury
39%
MA/90,329 Lynn
37%
MA/85,146 Newton
35%
MA/76,377 Lawrence
34%
RI/80,387 Cranston
30%
MA/68,318 Framingham
29%
CT/85,603 Norwalk
29%
MA/75,754 Somerville
28%
CT/73,206 New Britain
23%
CT/63,268 West Hartford
22%
No matching quizzes found
Score Distribution
Percent of People with Each Score
Percentile by Number Answered
Your Score History
You have not taken this quiz